Protichodnosť záujmov a ich riešenie reforma štrukturálnej politiky Európskej únie v podmienkach rozšírenia (3)
Aktuálna otázka finančného zabezpečenia štrukturálnej politiky v budúcnosti. Štyri pracovné varianty. Prioritné ciele - 1. konvergencia, 2. regionálna konkurencieschopnosť a zamestnanosť, 3. európska územná spolupráca. Veľkosť a rozdelenie finančných zdrojov. Pokračovanie.
Gespeichert in:
| 1. Verfasser: | |
|---|---|
| Format: | Buchkapitel |
| Sprache: | Slowakisch |
| Schlagworte: | |
| Tags: |
Keine Tags, Fügen Sie das erste Tag hinzu!
|
MARC
| LEADER | 00000naa$a2200000$$$4500 | ||
|---|---|---|---|
| 001 | 0039319 | ||
| 005 | 20231016085009.2 | ||
| 041 | 0 | |a slo | |
| 044 | |a SK | ||
| 245 | 1 | 0 | |a Protichodnosť záujmov a ich riešenie |b reforma štrukturálnej politiky Európskej únie v podmienkach rozšírenia (3) |c Marian Lebiedzik |
| 520 | |a Aktuálna otázka finančného zabezpečenia štrukturálnej politiky v budúcnosti. Štyri pracovné varianty. Prioritné ciele - 1. konvergencia, 2. regionálna konkurencieschopnosť a zamestnanosť, 3. európska územná spolupráca. Veľkosť a rozdelenie finančných zdrojov. Pokračovanie. | ||
| 610 | 2 | 0 | |a politika štruktúrna |
| 610 | 2 | 0 | |a Európska únia |
| 610 | 2 | 0 | |a financovanie |
| 610 | 2 | 0 | |a zdroje finančné |
| 610 | 2 | 0 | |a rozdeľovanie |
| 610 | 2 | 0 | |a konvergencia |
| 610 | 2 | 0 | |a regióny |
| 610 | 2 | 0 | |a konkurencieschopnosť |
| 610 | 2 | 0 | |a zamestnanosť |
| 610 | 2 | 0 | |a spolupráca medzinárodná |
| 100 | 1 | |a Lebiedzik, Marian | |